书目信息 |
| 题名: |
Delphi程序设计
|
|
| 作者: | 刘宇君 编著 | |
| 分册: | ||
| 出版信息: | 北京 中国铁道出版社 2006 |
|
| 页数: | 257页 | |
| 开本: | 26cm | |
| 丛书名: | ||
| 单 册: | ||
| 中图分类: | TP311.56 | |
| 科图分类: | ||
| 主题词: | 软件工具--程序设计--高等教育--教材 , 程序设计 , 软件工具 | |
| 电子资源: | ||
| ISBN: | 7-113-06867-7 | |
| 000 | 00938nam0 2200289 450 | |
| 001 | 070730001103 | |
| 005 | 20071015162202.48 | |
| 010 | @a7-113-06867-7@dCNY23.00 | |
| 035 | @a003141952 | |
| 100 | @a20060104d2006 em y0chiy0110 ea | |
| 101 | 0 | @achi |
| 102 | @aCN@b110000 | |
| 105 | @ay z 000yy | |
| 200 | 1 | @aDelphi程序设计@ADelphi cheng xu she ji@f刘宇君[等]编著 |
| 210 | @a北京@c中国铁道出版社@d2006 | |
| 215 | @a257页@d26cm | |
| 300 | @a21世纪高校计算机应用技术系列规划教材/谭浩强主编 高职高专系列 | |
| 304 | @a编著还有:曹党生、叶瑶、吕玉良 | |
| 330 | @a本书包括Object Pascal语言、常用组件的应用和数据库技术(包括多层分布式数据库技术)等内容,并结合每一部分的内容,列举了大量实例。 | |
| 606 | 0 | @a软件工具@x程序设计@x高等教育@j教材 |
| 606 | 0 | @a程序设计 |
| 606 | 0 | @a软件工具 |
| 610 | 0 | @aDelphi |
| 690 | @aTP311.56@v4 | |
| 701 | 0 | @a刘宇君@Aliu yu jun@4编著 |
| 801 | 0 | @aCN@c20071015 |
| 905 | @dTP311.56@eL710 | |
| Delphi程序设计/刘宇君[等]编著.-北京:中国铁道出版社,2006 |
| 257页;26cm |
| 21世纪高校计算机应用技术系列规划教材/谭浩强主编 高职高专系列 |
| ISBN 7-113-06867-7:CNY23.00 |
| 本书包括Object Pascal语言、常用组件的应用和数据库技术(包括多层分布式数据库技术)等内容,并结合每一部分的内容,列举了大量实例。 |
| ● |
| 相关链接 |
|
|
|
正题名:Delphi程序设计
索取号:TP311.56/L710
 
预约/预借
| 序号 | 登录号 | 条形码 | 馆藏地/架位号 | 状态 | 备注 |
| 1 | 652467 | 206524670 | 期刊室512/301自科库 77排1列4层/ [索取号:TP311.56/L710] | 在馆 | |
| 2 | 652468 | 206524689 | 期刊室512/301自科库 43排4列5层/ [索取号:TP311.56/L710] | 在馆 |